Ganga's Choice and other stories/ (Record no. 187053)

MARC details
000 -LEADER
fixed length control field 00570nam a22001817a 4500
005 - DATE AND TIME OF LATEST TRANSACTION
control field 20220329131430.0
010 ## - LCCN (DPL NO)
LC control number ENG-132154
020 ## - INTERNATIONAL STANDARD BOOK NUMBER
International Standard Book Number 9789391125431
Terms of availability 450.00
035 ## - SYSTEM CONTROL NUMBER
System control number EN-115686
037 ## - SOURCE OF ACQUISITION
Source of stock number/acquisition DBAD/PUB
082 ## - DEWEY DECIMAL CLASSIFICATION NUMBER
Classification number S
100 ## - MAIN ENTRY--PERSONAL NAME
Personal name Satchidanandan.K
245 ## - TITLE STATEMENT
Title Ganga's Choice and other stories/
Statement of responsibility, etc K.Satchidanandan
260 ## - PUBLICATION, DISTRIBUTION, ETC. (IMPRINT)
Place of publication, distribution, etc New Delhi
Name of publisher, distributor, etc NIYOGI BOOKS
Date of publication, distribution, etc 2021
270 ## - ADDRESS
City New Delhi
Address Block D,Building No.77,Okhla Industrial Area ,phase-1
Postal code 110020
Telephone number 011-26816301,26818960
Electronic mail address niyogibooks@gmail.com
300 ## - PHYSICAL DESCRIPTION
Extent 255p.
Dimensions 21cm(pbk)
942 ## - ADDED ENTRY ELEMENTS (KOHA)
Source of classification or shelving scheme Dewey Decimal Classification
Item type English Books
Call number suffix SAT
Classification part S

No items available.


© Delhi Public Library
Hit Counter
free hit counter